|
|
|
|
| LEADER |
02852nam a22004093i 4500 |
| 001 |
EBC5388062 |
| 003 |
MiAaPQ |
| 005 |
20231204023214.0 |
| 006 |
m o d | |
| 007 |
cr cnu|||||||| |
| 008 |
231204s2018 xx o ||||0 eng d |
| 020 |
|
|
|a 9783110536690
|q (electronic bk.)
|
| 020 |
|
|
|z 9783110536652
|
| 035 |
|
|
|a (MiAaPQ)EBC5388062
|
| 035 |
|
|
|a (Au-PeEL)EBL5388062
|
| 035 |
|
|
|a (OCoLC)1049619128
|
| 040 |
|
|
|a MiAaPQ
|b eng
|e rda
|e pn
|c MiAaPQ
|d MiAaPQ
|
| 100 |
1 |
|
|a Bernhart, Toni.
|
| 245 |
1 |
0 |
|a Poetics and Politics :
|b Net Structures and Agencies in Early Modern Drama.
|
| 250 |
|
|
|a 1st ed.
|
| 264 |
|
1 |
|a Berlin/Boston :
|b Walter de Gruyter GmbH,
|c 2018.
|
| 264 |
|
4 |
|c ©2018.
|
| 300 |
|
|
|a 1 online resource (288 pages)
|
| 336 |
|
|
|a text
|b txt
|2 rdacontent
|
| 337 |
|
|
|a computer
|b c
|2 rdamedia
|
| 338 |
|
|
|a online resource
|b cr
|2 rdacarrier
|
| 505 |
0 |
|
|a Intro -- Acknowledgements -- Contents -- Introduction -- 'National Literatures'? -- American Presidential Candidates at the Court of Charles V: How Political Theory Trumped Political Theology in Fourteenth-Century Paris -- Cross-Cultural Inventions in Drama on the Basis of the Novel in Prose, or World Literature before World Literature: The Case of Fortunatus -- Sex on Stage: How Does the Audience Know? (Dovizi da Bibbiena, La Calandra, III.10 -- Shakespeare, Henry V, V.2) -- Castiglione's 'Green' Sense of Theater -- Luigi Groto's Adriana: A Laboratory Experiment on Literary Genre -- The Agency of Errors: Hamartia and its (Mis)interpretations in the Italian Cinquecento -- Playful Institutions: Social and Textual Practices in Early Spanish Academies -- The Role of Music in Folk Drama: An Investigation Based on Tyrolean Sources -- From a Rhetorical to a 'Natural' Art of Acting: What the Networks of the Seventeenth and Eighteenth Centuries Achieved -- Early Modern Religious Processions: The Rise and Fall of a Political Genre -- Directions, Examples, and Incentives: Slovenian Playwriting in the Second Half of the Eighteenth Century -- Variants of Hypólepsis: Rhetorical, Anthropistic, Dramatic (With Remarks on Terence, Machiavelli, Shakespeare) -- Index.
|
| 588 |
|
|
|a Description based on publisher supplied metadata and other sources.
|
| 590 |
|
|
|a Electronic reproduction. Ann Arbor, Michigan : ProQuest Ebook Central, 2023. Available via World Wide Web. Access may be limited to ProQuest Ebook Central affiliated libraries.
|
| 655 |
|
4 |
|a Electronic books.
|
| 700 |
1 |
|
|a Drnovsek, Jasa.
|
| 700 |
1 |
|
|a Kilian, Sven Thorsten.
|
| 700 |
1 |
|
|a Küpper, Joachim.
|
| 700 |
1 |
|
|a Mosch, Jan.
|
| 776 |
0 |
8 |
|i Print version:
|a Bernhart, Toni
|t Poetics and Politics
|d Berlin/Boston : Walter de Gruyter GmbH,c2018
|z 9783110536652
|
| 797 |
2 |
|
|a ProQuest (Firm)
|
| 856 |
4 |
0 |
|u https://ebookcentral.proquest.com/lib/matrademy/detail.action?docID=5388062
|z Click to View
|